00740nam a22001817a 4500003000900000008004100009020001800050040007100068082002700139100002000166245008600186260004700272300003800319505013900357650001600496650002000512650002600532AR-CdUCM190329b ||||| |||| 00| 0 spa d a968.439.214-1 aMUNICIPALIDAD PROVINCIAL DEL CUSCOcBIBLIOTECA MUNICIPAL DEL CUSCO aES / 516 /bB17215ed. aBaldor, Aurelio aGeometría plana y del espacio :bCon una introducción a la trigonométrica / aMéxico :bPublicaciones Cultural,c1998. a423 paginas ;bDiagramas,c24 cm. aContenido :Ángulos -- Perpendicularidad y paralelismo -- Rectas cortadas por una secante -- Cuerpos redondos -- Rectas y planos ... aGeometría aTrigonometría aProblemas, ejercicios